|
|
|
|
| LEADER |
00000nam a2200000 a 4500 |
| 001 |
vtls008698457 |
| 003 |
SK-MaSNL |
| 005 |
20260426002125.0 |
| 008 |
160610s2005 xo c g f 001 0dslo |
| 015 |
|
|
|a SNBA2006/06-03238
|
| 020 |
|
|
|a 8096894730 (brož.)
|
| 035 |
|
|
|a BB0CE52C-96AA-4D0C-8384-C325F7950FB4
|
| 035 |
|
|
|a urn:nbn:sk:snk-amkybw
|
| 035 |
|
|
|a urn:nbn:sk:snk-am008q7n
|
| 040 |
|
|
|a SNK
|b slo
|c SNK
|e AACR2
|
| 041 |
0 |
|
|a slo
|
| 043 |
|
|
|a e-xo---
|
| 044 |
|
|
|a xo
|c SK
|
| 072 |
|
7 |
|a 27
|x Kresťanstvo. Kresťanská cirkev všeobecne. Ekleziológia
|2 konspekt
|
| 080 |
|
|
|a 27-725
|2 2001
|
| 080 |
|
|
|a 27-736-784
|2 2001
|
| 080 |
|
|
|a 272-774
|2 2001
|
| 080 |
|
|
|a 272-726.3
|2 2001
|
| 080 |
|
|
|a (437.6)
|2 2001
|
| 080 |
|
|
|a (048.8)
|2 2001
|
| 080 |
|
|
|a 27-72-77
|2 2001
|
| 080 |
|
|
|a 929
|2 2001
|
| 110 |
2 |
|
|a Rímskokatolícka cirkev
|b Biskupský úrad (Rožňava, Slovensko)
|4 aut
|9 591722
|
| 245 |
1 |
0 |
|a Schematizmus [Rožňavskej diecézy] 2005
|c Rímskokatolícka cirkev - Biskupstvo Rožňava
|
| 250 |
|
|
|a [1. vyd.]
|
| 260 |
|
|
|a [Rožňava
|b Tlačiareň OTOPRINT
|c 2005]
|
| 300 |
|
|
|a 133 s.
|b portréty
|c 21 cm
|
| 500 |
|
|
|a Obsahuje abecedný zoznam kňazov
|
| 504 |
|
|
|a Obsahuje register farností, filiálok
|
| 610 |
2 |
7 |
|a Rímskokatolícka cirkev
|b Rožňavská diecéza
|2 SNKKA
|9 376313
|
| 648 |
|
7 |
|a 2005
|2 SNKPH
|9 305506
|
| 650 |
0 |
7 |
|a organizácia a štruktúra cirkvi
|2 SNKPH
|9 85696
|
| 650 |
0 |
7 |
|a cirkevné inštitúcie a organizácie
|2 SNKPH
|9 195790
|
| 650 |
0 |
7 |
|a katolícke farnosti
|2 SNKPH
|9 3771
|
| 650 |
0 |
7 |
|a katolícki kňazi
|2 SNKPH
|9 1290
|
| 651 |
|
7 |
|a Rožňava (Slovensko : okres)
|2 SNKPH
|9 19215
|
| 651 |
|
7 |
|a Slovensko
|2 SNKPH
|9 14231
|
| 655 |
|
7 |
|a prehľady
|2 SNKPH
|9 70194
|
| 919 |
|
|
|a 80-968947-3-0
|
| 958 |
|
|
|a OND
|
| 999 |
|
|
|c 910397
|d 912327
|
| 952 |
|
|
|a SNK
|b SNK
|y PREZ
|7 0
|p 17A0503546
|o snkSC 123635
|i snk2006/9224
|8 0
|0 0
|1 0
|4 0
|d 2006-05-05
|f 1
|l 0
|r 2025-06-05 00:00:00
|w 2026-02-24
|